Welcome to CU Library Online Public Access Catalogue (OPAC)

Experiential Learning: (Record no. 9047)

MARC details
000 -LEADER
fixed length control field 00462nam a22001457a 4500
005 - DATE AND TIME OF LATEST TRANSACTION
control field 20260313182342.0
008 - FIXED-LENGTH DATA ELEMENTS--GENERAL INFORMATION
fixed length control field 260313b |||||||| |||| 00| 0 eng d
020 ## - INTERNATIONAL STANDARD BOOK NUMBER
International Standard Book Number 0872930815
050 ## - LIBRARY OF CONGRESS CALL NUMBER
Classification number HV11
Item number .G66 GOL
100 ## - MAIN ENTRY--PERSONAL NAME
Personal name Goldstein Howard
245 ## - TITLE STATEMENT
Title Experiential Learning:
Remainder of title A foundation for social work education and practice/
Statement of responsibility, etc. Howard Goldstein
260 ## - PUBLICATION, DISTRIBUTION, ETC.
Place of publication, distribution, etc. Alexandria
Name of publisher, distributor, etc. Council on Social Work Education
Date of publication, distribution, etc. 2001
500 ## - GENERAL NOTE
General note Includes Index
942 ## - ADDED ENTRY ELEMENTS (KOHA)
Source of classification or shelving scheme Library of Congress Classification
Koha item type Books
Suppress in OPAC No
999 ## -
-- 9047
-- 9047
Holdings
Withdrawn status Lost status Source of classification or shelving scheme Damaged status Not for loan Collection Home library Current library Shelving location Date acquired Total checkouts Full call number Barcode Date last seen Copy number Price effective from Koha item type
    Library of Congress Classification     Non-fiction Business Library (Miotso) Business Library (Miotso) General stacks 03/11/2026   HV11 .G66 GOL BSSM00002774 03/13/2026 1 03/11/2026 Books
© 2023-2024 Copyright: Central University Libraries. All Rights Reserved | Created by: Mahone Tech Office